000 00640nam a22002177a 4500
999 _c15658
_d15658
003 AR-CdUCM
008 190429b ||||| |||| 00| 0 spa d
040 _aMUNICIPALIDAD PROVINCIAL DEL CUSCO
_cBIBLIOTECA MUNICIPAL DEL CUSCO
082 _a869.56 /
_bO58
100 _aOquendo de Amat, Carlos,
_913990
245 _a5 metros de poemas /
260 _aLima :
_bCopé.
_c1927.
300 _c23 cm.
500 _aNo cuenta con numeración de paginas
505 _aContenido: Poesía peruana.
650 _aPoesías peruanas
_91481
650 _aSiglo XX
_98
650 _aPerú
_935
942 _2ddc
_cLIBROS
945 _adavv
_d29/04/2019